Statistics for U-Bahnstationen in Nürnberg / Subway stations in Nuremberg

Click here to take the quiz!

General Stats

  • This quiz has been taken 20 times
  • The average score is 25 of 54

Answer Stats

Hint Answer % Correct
Hauptbahnhof
94%
Hauptbahnhof
94%
Hauptbahnhof
94%
Plärrer
88%
Flughafen
88%
Plärrer
88%
Plärrer
88%
Bärenschanze
75%
Langwasser Nord
69%
Opernhaus
69%
Opernhaus
69%
Lorenzkirche
69%
Langwasser Mitte
69%
Langwasser Süd
69%
Eberhardshof
69%
Weißer Turm
69%
Fürth Rathaus
69%
Maximilianstraße
69%
Stadtgrenze
69%
Schoppershof
63%
Fürth Hauptbahnhof
56%
Muggenhof
56%
Gostenhof
50%
Messe
50%
Rothenburger Straße
44%
Rothenburger Straße
44%
Aufseßplatz
38%
Wöhrder Wiese
38%
Wöhrder Wiese
38%
Rathenauplatz
31%
Herrnhütte
31%
Rathenauplatz
31%
U2Röthenbach
31%
Schweinau
31%
U1Fürth Hardhöhe
31%
Ziegelstein
25%
U3Gustav-Adolf-Straße
25%
Frankenstraße
25%
Maxfeld
25%
Fürth Klinikum
25%
Gemeinschaftshaus
25%
Hohe Marter
25%
Nordostbahnhof
25%
Hasenbuck
25%
Jakobinenstraße
25%
Rennweg
25%
Kaulbachplatz
19%
Bauernfeindstraße
19%
Scharfreiterring
19%
St. Leonhard
19%
Sündersbühl
19%
Maffeiplatz
19%
Friedrich-Ebert-Platz
19%
Fürth Stadthalle
13%

Score Distribution

Percentile by Number Answered

Percent of People with Each Score

Your Score History

You have not taken this quiz